00837nam a2200241 i 450000100060000000300090000600500170001500700030003200800410003502000250007610000290010124500510013026000440018130000280022550000130025350400200026650500790028674000240036574000300038985200350041999900170045495201240047136585ES-MaACL20230906155411.0t|030218s1986 fr ||||1| fre d a2-7003-0411-X (V. I)1 aBraudel, Fernand.93140312aL'identité de la France / cFernand Braudel. aParís : bArtaud-Flammarion, c[1986] a3 v. : bil. ; c24 cm. aIndices. aBibliografía.8 aContiene: V. I: Espace et histoire. -- V. II-III: Les hommes et les choses0 aEspace et histoire.4 aLes hommes et les choses. aES-MaACLjL-11646-8 bR.113668 c36585d36585 00104070aATENEOMbATENEOMcDEPO2d2008-01-17eSCl0oL-11646-8p1038450r2023-02-23 00:00:00w2023-02-23yMONOGRAFIA